Quizzes
Events
Quiz Creation
Community
Videos
Private Events
Remove Ads
Sign In
Join for FREE
Feedback
Dark Mode
Quiz Categories
Sports
Geography
Music
Movies
Television
Just For Fun
Miscellaneous
History
Literature
Language
Science
Gaming
Entertainment
Religion
Holiday
For Kids
Quiz Lab
Recent
Popular Today
Quiz Kudos Today
Editor Picks
Curator Picks
Quizzes by...
Day
Popularity
Type
Ratings
Length
Year
Community
Subscriptions
Recent Discussions
Orange Saloon
Badges
Playlists
Quests
Create
Leaderboards
Showdown
Live 5
Trivia Bingo
Activity
Puzzle Library
Sporcle Events
Private Events
Virtual Trivia
Globe League
Become a Host
Pub Owners
SporcleCon
Opinionation
Our Games
Videos
Blog
Mobile Apps
Partnerships
Remove Ads and Go Orange
Feedback
Geography
Country
Landmarks
City
State
Population
World
Capital
Continent
Flags
Europe
Africa
Asia
South America
North America
Oceania
Border
Canada
United Kingdom
Topography
United States
Geography
Country
Landmarks
City
State
Population
World
Capital
Continent
Flags
Europe
Africa
Asia
South America
North America
Oceania
Border
Canada
United Kingdom
Topography
United States
Random Quiz
Search Sporcle
×
Quiz Lab
Quiz Lab
Geography
State
Type in answers that appear in a list
Type in answers that appear in a list
Classic
Best Score? Go Orange.
I-90 Metro Populations over 100,000 Stats
Can you name the I-90 Metro Populations over 100,000?
By
jfeigen06
7m
24 Questions
303 Plays
303 Plays
303 Plays
Comments
Comments
Give Quiz Kudos
Give Quiz Kudos
-
- Ratings
hide this ad
Replay
Link that replays current quiz
Next Quiz
Link to next quiz in quiz playlist
You Got
0%
They Got
Avg Score
78%
Avg Friend Score
Upgrade to see
Score Distribution
Jump to the score distribution portion of the page
Score
0/24
Timer
07:00
0
Plays Today
State
Metro
% Correct
WA
Seattle-Tacoma-Bellevue
99%
IL-
IN
Chicago-Joliet-Naperville
96.4%
OH
Cleveland-Elyria-Mentor
95%
MA
Boston-Cambridge-Quincy
94.7%
NY
Buffalo-Niagara Falls
94.4%
WI
Madison
93.7%
NY
Albany-Schenectady-Troy
92.4%
WA
Spokane
90.4%
NY
Syracuse
90.1%
NY
Rochester
89.1%
OH
Toledo
87.8%
MT
Billings
87.5%
State
Metro
% Correct
SD
Sioux Falls
83.5%
MA
Springfield
81.8%
MA
Worcester
81.5%
IL
Rockford
71.6%
IN-
MI
South Bend-Mishawaka
68.3%
PA
Erie
66.3%
MT
Missoula
65.7%
SD
Rapid City
65%
NY
Utica-Rome
64.7%
ID
Coeur d'Alene
43.9%
WI
La Crosse
41.6%
WI
Janesville
33.7%
Quiz Playlist
Details
Report
Send in Message
Add To Playlist
Classic:
Type in answers that appear in a list
Quiz Source
Last Updated: Feb 16, 2017
Quiz Scoreboard
CHALLENGE
Sign Up to Join the Scoreboard
Show All
Scores
Hide
Comments
May contain spoilers
Recently Published
9x9 Crossword: Cartoon Network
by jackfrog10
Miscellaneous
3m
College Basketball Coaching Resumes
by pancakes188
Sports
9m
Billboard Blitz: Fleetwood Mac
by CooCooCachoo
Music
15s
More to Explore
Quiz From the Vault
Featured Blog Post
Where Did the Easter Bunny Come From?
hide this ad
You Might Also Like...
Tags
Population Quiz
State Quiz
100
100 000
i-90
metro
Today's Top Quizzes in Geography
Browse Geography
hide this ad
Today's Top Quizzes in State
Browse State
Top Contributed Quizzes in Geography
1
Countries of the World - No Outlines Minefield
2
Top 25 Cities of France on a map
3
Any capital of a 'B' country per Continent
4
Any capital of a 'C' country per Continent
5
Closest Countries to UK A-Z
6
Any capital of a 'D' country per Continent
7
5-to-1: US Geography No Hints
8
Any capital of an 'E' country per Continent
9
Find the US States - No Outlines
10
Any capital of an 'F' country per Continent
Explore More
Trending Topics
Kpop
NBA
Crossword
Harry Potter
Marvel
Disney
Anime
The Office
Song
Pokémon
Puzzle
WWE
Country
Soccer
NFL
hide this ad
More By:
jfeigen06
Quiz
Plays
Rating
Category
Featured
Created
MLB Single Season Offensive Records (modern era)
3,715
3.94
Sports
Sep 25, 2009
Players who led MLB in Home Runs and RBI
3,339
3.83
Sports
Oct 21, 2009
MLB Pitchers with an .850 Winning Pct.
3,046
4.33
Sports
May 22, 2010
USC Football Losses under Pete Carroll
1,432
4.86
Sports
Oct 20, 2009
Countries larger than California (pop.)
919
4.06
Geography
Jul 12, 2010
Go to Creator's Profile
Score Distribution
Quiz Creator Spotlight
jfeigen06
Follow
Send a Message
Quizzes Created
-
Created Quiz Play Count
-
More By This Creator
Popular Quizzes Today
1
Find the US States - No Outlines Minefield
2
Find the Countries of Europe - No Outlines Minefield
3
The Countries of the World
4
Find the US States
5
Risky Map Clicking: Biggest States A-Z
6
US States
7
Popular People in 1961
8
Movies - When Are They Set?
More Geography Quizzes
Olympic Rings Venn Diagram: Geography
Curator's Pick
Trending Quizzes
Risky Map Clicking: Least Populous States A-Z
1-10 Letter G Words
1-10 Letter F Words
Risky Map Clicking: Next State Alphabetically
Adjectives in 80s TV Shows
Recently Updated
Leaping Animals
pecheneg
Reality TV Shows (A-Z)
bhenderson79
Rickey Henderson's Hall of Fame Teammates
pecheneg
Champions League XIs: Arsenal
pecheneg
Quick Pick: Celebrities in WWE's Hall of Fame
aduchscher
A-Z Keypad Blitz II
pecheneg
Multiple Oscar Actors
pecheneg
Mystery Phrase Blitz: Oscar 'Best Actors'
pecheneg
F. Scott Fitzgerald Novels
LTH
Pick 3 Villains
ddd62291
Trending Topics
Crossword
Kpop
Marvel
Harry Potter
Anime
Disney
NBA
Soccer
Pokémon
WWE
The Office
Country
NFL
Puzzle
Song
Your Account Isn't Verified!
In order to create a playlist on Sporcle, you need to verify the email address you used during registration. Go to your
Sporcle Settings
to finish the process.
Report this User
Report this user for behavior that violates our
Community Guidelines
.
Details:
Send Report
Go to the Sporcle.com Mobile Site →
Comments